000 01106cad a22002055a 4500
001 E155126
008 120305e20120305xxk f 000 0 eng d
035 _a(Sirsi) u155126
041 0 _aeng
110 2 _aEstate Agent Today
_95997
245 0 0 _aHome reports unpopular with sellers
_bsounds familiar?
_h[electronic resource]
260 _c2012
490 0 _aEstate Agent Today News
_v5 March 2012
520 _aResearch carried out by the Edinburgh Solicitors Property Centre suggests that 65% sellers believe that Home Reports are not helpful. Buyers are still carrying out their own surveys, despite one being included in the Home Report, either because they do not trust the seller's survey or because, in a slow market, lenders consider the survey to be out of date and ask for a new one to be carried out.
590 _aKA NTK
651 4 _aScotland
_y1999-
690 _aResidential property
_96266
856 4 0 _uhttps://www.estateagenttoday.co.uk/news_features/Home-Reports-unpopular-with-sellers-sounds-familiar
_zView the news article free of charge at www.estateagenttoday.co.uk
942 _n0
999 _c83819
_d83819